Album certificati tre volte disco di diamante (Italia) - Statistics

Statistiche generali
  • Questo quiz è stato fatto 10 volte
  • Il punteggio medio è 3 su 7
Statistiche sulle risposte
Artisti Anno Album % Corretto
Lùnapop 1999 ...Squérez?
75%
Eros Ramazzotti 1996 Dove c'è musica
63%
Adriano Celentano 1999 Io non so parlar d'amore
50%
Adriano Celentano 2000 Esco di rado e parlo ancora meno
38%
Mina e Adriano Celentano 1998 Mina Celentano
38%
Eros Ramazzotti 2005 Calma apparente
13%
Lucio Dalla 1996 Canzoni
13%
Nessun quiz corrispondente trovato
Distribuzione punteggi
Percentuale di utenti per punteggio
Percentile per numero di risposta
I tuoi punteggi nel tempo
Non hai fatto questo quiz